000 01195cab a2200313 4500
001 ABS50856
008 090401t1994 xxu||||| |||| 00| 0 eng d
035 _a(Sirsi) u76546
041 _aeng
100 _aVann, J.
245 _aEnvironmental blight causes problems
260 _c1994
350 _a0
490 _aChartered Insurance Institute Journal
_vJuly 1994, 23-25(3)
520 _aInvestigates incidents of housing developments built on ex-industrial sites, landfill sites, or near a former asbestos factory and the discovery of contamination. Examines the insurance issues and issues of liability which are likely to grow as more discoveries are made. Recommends that developers should have sites environmentally surveyed from the outset.
650 _aBARRATT HOMES
650 _aCONTAMINATED LAND
650 _aENVIRONMENTAL INSURANCE
650 _aENVIRONMENTAL PROTECTION ACT 1990
650 _aHOUSEHOLD INSURANCE
650 _aHOUSING DEVELOPMENT
650 _aINSURANCE ISSUES
650 _aLEEDS CITY COUNCIL
650 _aPOLLUTION
690 _aENVIRONMENTAL AND LAND CONSULTANCY
690 _aINSURANCE
_96249
942 _n0
948 _c04/03/1997
999 _c48123
_d48123